[Event "Rheinland Pfalz Seniors op"]
[Site "Altenkirchen"]
[Date "2023.09.12"]
[Round "8"]
[White "Hiller, Joachim"]
[Black "Haase, Reinhard"]
[Result "0-1"]
[WhiteElo "1897"]
[BlackElo "2064"]
[PlyCount "108"]
[EventDate "2023.09.05"]
[EventType "swiss"]
[EventRounds "9"]
[EventCountry "GER"]
[SourceTitle "EXT 2024"]
[Source "ChessBase"]
[SourceDate "2023.10.10"]
[SourceVersion "1"]
[SourceVersionDate "2023.10.10"]
[SourceQuality "1"]

1. e4 d5 2. exd5 Nf6 3. Nc3 Nxd5 4. Bc4 Nb6 5. Bb3 Nc6 6. Qf3 e6 7. Nge2 Bd6 8. 0-0 0-0 9. d4 Qh4 10. g3 Nxd4 11. Nxd4 Qxd4 12. Be3 Qf6 13. Qg2 Be5 14. Ne4 Qg6 15. c3 Bd7 16. Rad1 Bc6 17. f3 Bxe4 18. fxe4 Rfd8 19. a4 a5 20. Bf4 Bxf4 21. gxf4 Qxg2+ 22. Kxg2 Kf8 23. Kf2 Ke7 24. Ke2 Rxd1 25. Rxd1 g6 26. Rg1 f5 27. Ke3 Rd8 28. h4 fxe4 29. h5 Kf6 30. hxg6 hxg6 31. Rg5 Rd3+ 32. Kxe4 Rd2 33. Re5 Re2+ 34. Kd4 Rxe5 35. fxe5+ Ke7 36. c4 Nd7 37. Bc2 g5 38. c5 Nb8 39. Be4 c6 40. Bf3 Na6 41. Be4 g4 42. Bd3 Kf7 43. Bc4 g3 44. Ke3 Nxc5 45. b3 Kg6 46. Kf3 Kf5 47. Kxg3 Kxe5 48. Kf3 Kd4 49. Ke2 e5 50. Bf7 Kc3 51. Ke3 Nxb3 52. Ke4 Nc5+ 53. Kxe5 Nxa4 54. Kd6 Kb4 0-1

[Event "Rheinland Pfalz Seniors op"]
[Site "Altenkirchen"]
[Date "2023.09.11"]
[Round "7"]
[White "Fasel, Joerg"]
[Black "Hiller, Joachim"]
[Result "0-1"]
[WhiteElo "1813"]
[BlackElo "1897"]
[PlyCount "144"]
[EventDate "2023.09.05"]
[EventType "swiss"]
[EventRounds "9"]
[EventCountry "GER"]
[SourceTitle "EXT 2024"]
[Source "ChessBase"]
[SourceDate "2023.10.10"]
[SourceVersion "1"]
[SourceVersionDate "2023.10.10"]
[SourceQuality "1"]

1. d4 Nf6 2. c4 c6 3. Nf3 d5 4. Nc3 dxc4 5. a4 Bf5 6. e3 e6 7. Bxc4 Nbd7 8. 0-0 Bb4 9. Qb3 Qb6 10. Nh4 0-0 11. Nxf5 exf5 12. Qc2 g6 13. Rd1 Rac8 14. Bd2 Rfe8 15. g3 h5 16. h4 Nd5 17. Qb3 Bxc3 18. bxc3 Qxb3 19. Bxb3 N7f6 20. c4 Nc7 21. a5 Ne4 22. Be1 Rcd8 23. Rab1 Re7 24. Ba4 Ne6 25. a6 bxa6 26. Bxc6 Nd6 27. Bb4 Rc7 28. d5 Nxc4 29. Rbc1 Nb6 30. d6 Rcc8 31. Bb7 Rxc1 32. Rxc1 Nd7 33. Bxa6 Rb8 34. Ba5 Nec5 35. Bc7 Nxa6 36. Bxb8 Naxb8 37. Rc8+ Kg7 38. Kf1 Kf6 39. Re8 a6 40. Re7 Nc5 41. Ke2 Nbd7 42. f3 a5 43. Kd2 Ne5 44. f4 Nc4+ 45. Kc3 Nxd6 46. Re5 Nce4+ 47. Kd4 a4 48. Ra5 a3 49. Kd5 a2 50. Ra6 Ke7 51. Ra7+ Kd8 52. Kc6 Ke8 53. Rxa2 Ke7 54. Ra6 Nxg3 55. Kd5 Nge4 56. Ra7+ Kf8 57. Ra5 Ne8 58. Ra8 N4f6+ 59. Ke5 Ng4+ 60. Kd4 Ke7 61. Ra7+ Ke6 62. e4 fxe4 63. Kxe4 Nd6+ 64. Kf3 Nf6 65. Ra2 Nf5 66. Re2+ Kd6 67. Rh2 Kd5 68. Rh1 Kd4 69. Rd1+ Kc3 70. Rh1 Kd2 71. Rh2+ Kd3 72. Rh1 Ne4 0-1

[Event "Rheinland Pfalz Seniors op"]
[Site "Altenkirchen"]
[Date "2023.09.09"]
[Round "5"]
[White "Hiller, Joachim"]
[Black "Van Kesteren, Stef"]
[Result "0-1"]
[WhiteElo "1897"]
[BlackElo "1780"]
[PlyCount "106"]
[EventDate "2023.09.05"]
[EventType "swiss"]
[EventRounds "9"]
[EventCountry "GER"]
[SourceTitle "EXT 2024"]
[Source "ChessBase"]
[SourceDate "2023.10.10"]
[SourceVersion "1"]
[SourceVersionDate "2023.10.10"]
[SourceQuality "1"]

1. e4 Nc6 2. Nc3 e6 3. Nf3 d5 4. d4 dxe4 5. Nxe4 Be7 6. Bd3 h6 7. 0-0 Nf6 8. c3 0-0 9. Qe2 Nxe4 10. Qxe4 f5 11. Qe2 Bd6 12. Re1 Qf6 13. Bc4 Nd8 14. Ne5 c5 15. dxc5 Bxc5 16. Nd3 Bd6 17. Bf4 Bxf4 18. Nxf4 Kh7 19. Rad1 Nc6 20. Nxe6 Bxe6 21. Qxe6 Qg5 22. Qe3 Qf6 23. f4 Rfe8 24. Qf2 Rxe1+ 25. Qxe1 Rd8 26. Bb3 Rxd1 27. Qxd1 Qe7 28. Qd2 Qc5+ 29. Qf2 Qd6 30. Bc2 g6 31. g3 b6 32. h3 Qd5 33. b3 Qe6 34. Qd2 Qe7 35. Kf2 Nd8 36. Qd4 Nf7 37. a4 h5 38. b4 h4 39. g4 fxg4 40. hxg4 Nh6 41. Qd1 h3 42. g5 Qb7 43. Qg1 Qd7 44. Kf3 Qc6+ 45. Kf2 Qxc3 46. Bxg6+ Kxg6 47. gxh6+ Kxh6 48. Qg5+ Kh7 49. Kg1 Qxb4 50. Qf5+ Kg7 51. Qd7+ Kf6 52. f5 Qg4+ 53. Kf1 Qxf5+ 0-1

[Event "RLP Seniors op 17th"]
[Site "Neustadt an der Weinstrasse"]
[Date "2019.07.25"]
[Round "6"]
[White "Biebinger, Gerhard"]
[Black "Hiller, Joachim"]
[Result "1-0"]
[WhiteElo "2239"]
[BlackElo "1913"]
[PlyCount "117"]
[EventDate "2019.07.20"]
[EventType "swiss"]
[EventRounds "9"]
[EventCountry "GER"]
[SourceTitle "CBM 192 Extra"]
[Source "Chessbase"]
[SourceDate "2019.11.06"]
[SourceVersion "1"]
[SourceVersionDate "2019.11.06"]
[SourceQuality "1"]

1. c4 Nf6 2. Nc3 e6 3. Nf3 b6 4. e4 Bb7 5. Qe2 Bb4 6. e5 Bxc3 7. dxc3 Ne4 8. g3 0-0 9. Bg2 f6 10. 0-0 fxe5 11. Nxe5 Nc5 12. Bxb7 Nxb7 13. Bf4 d6 14. Rad1 Qc8 15. Nd3 e5 16. Bc1 Nd7 17. Nb4 Nf6 18. Nd5 Rf7 19. b4 a5 20. a3 axb4 21. axb4 Nxd5 22. cxd5 Qf8 23. Be3 Ra3 24. Qb2 Qa8 25. Ra1 Rxa1 26. Rxa1 Qc8 27. Qb3 h6 28. Qc4 Qb8 29. Ra3 Rf8 30. h4 Nd8 31. Qg4 Nf7 32. c4 Qc8 33. Qe6 Re8 34. Qg6 Nh8 35. Qh5 Nf7 36. Kg2 Qb7 37. Qg6 Rf8 38. Qe6 Qc8 39. Ra7 Qb8 40. Ra3 Re8 41. Qg6 Rf8 42. Qe4 Qb7 43. Bd2 Nd8 44. g4 Ne6 45. Qg6 Nf4+ 46. Bxf4 Rxf4 47. Qe8+ Rf8 48. Qe6+ Kh8 49. g5 Rg8 50. Rf3 Qc8 51. Rf7 c5 52. b5 hxg5 53. hxg5 Qxe6 54. dxe6 Re8 55. g6 Kg8 56. e7 e4 57. Kf1 Ra8 58. Ke2 Ra2+ 59. Ke3 1-0

[Event "RLP Seniors op 17th"]
[Site "Neustadt an der Weinstrasse"]
[Date "2019.07.23"]
[Round "4"]
[White "Weyrauch, Erich"]
[Black "Hiller, Joachim"]
[Result "1-0"]
[WhiteElo "2030"]
[BlackElo "1913"]
[PlyCount "126"]
[EventDate "2019.07.20"]
[EventType "swiss"]
[EventRounds "9"]
[EventCountry "GER"]
[SourceTitle "CBM 192 Extra"]
[Source "Chessbase"]
[SourceDate "2019.11.06"]
[SourceVersion "1"]
[SourceVersionDate "2019.11.06"]
[SourceQuality "1"]

1. e4 e5 2. Nf3 Nc6 3. Bc4 Bc5 4. 0-0 Nf6 5. d3 d6 6. c3 0-0 7. b4 Bb6 8. Qb3 a5 9. b5 a4 10. Qc2 Na5 11. Nbd2 Bg4 12. Qxa4 Nxc4 13. Qxc4 Be6 14. Qb4 Bc5 15. Qb2 Nh5 16. a4 Nf4 17. d4 exd4 18. cxd4 Bb6 19. Nb3 Nd3 20. Qc3 Nxc1 21. Rfxc1 Qf6 22. a5 Ba7 23. Nbd2 Rfc8 24. Qd3 Qg6 25. Rc3 d5 26. Ne5 Qh5 27. Rac1 f6 28. Nef3 dxe4 29. Nxe4 Bb8 30. Ng3 Qf7 31. a6 bxa6 32. bxa6 Bd5 33. Ne4 c6 34. Nc5 Qa7 35. Rb1 Qe7 36. Qf5 Bd6 37. Re3 Qf7 38. Rb7 Rc7 39. Qb1 Rxb7 40. axb7 Rb8 41. Qb6 Bxc5 42. dxc5 Qd7 43. Qa6 Kf7 44. Qd3 g6 45. Qd4 Rxb7 46. Qf4 Rb1+ 47. Ne1 Rd1 48. Qb8 Kg7 49. h3 Be6 50. Kh2 Rd5 51. Ra3 Qe7 52. Ra7 Rd7 53. Ra8 Kh6 54. Qf4+ Kg7 55. Qe3 Rd5 56. Nd3 Qc7+ 57. f4 Qd7 58. Nf2 Rd2 59. Ne4 Rd3 60. Qe1 Rd5 61. Qa5 Bf7 62. Nd6 Kh6 63. Ra7 Rxc5 1-0

[Event "RLP Seniors op 17th"]
[Site "Neustadt an der Weinstrasse"]
[Date "2019.07.21"]
[Round "2"]
[White "Cichy, Michael"]
[Black "Hiller, Joachim"]
[Result "1-0"]
[WhiteElo "2042"]
[BlackElo "1913"]
[PlyCount "118"]
[EventDate "2019.07.20"]
[EventType "swiss"]
[EventRounds "9"]
[EventCountry "GER"]
[SourceTitle "CBM 192 Extra"]
[Source "Chessbase"]
[SourceDate "2019.11.06"]
[SourceVersion "1"]
[SourceVersionDate "2019.11.06"]
[SourceQuality "1"]

1. d4 Nf6 2. Nf3 b6 3. g3 Bb7 4. Bg2 c5 5. 0-0 cxd4 6. Nxd4 Bxg2 7. Kxg2 d5 8. c4 Qd7 9. cxd5 Qxd5+ 10. f3 Nbd7 11. Nc3 Qb7 12. e4 a6 13. Be3 Rd8 14. Qe2 e5 15. Nb3 Be7 16. Rfd1 0-0 17. Rd3 Rc8 18. Rad1 Rfd8 19. g4 h6 20. Qf2 b5 21. Nd5 Nxd5 22. Rxd5 Nf6 23. Rxd8+ Rxd8 24. Rxd8+ Bxd8 25. Qc2 Be7 26. Na5 Qd7 27. Nc6 Bd6 28. Bf2 Ne8 29. Bg3 f6 30. Bf2 Nc7 31. Nb8 Qe6 32. Qc6 a5 33. Bc5 Bxc5 34. Qxc5 Qc8 35. Nc6 Qd7 36. Ne7+ Kh7 37. Nd5 Nxd5 38. exd5 Kg8 39. Qc6 Qd8 40. Qxb5 Kf8 41. b4 axb4 42. Qxb4+ Ke8 43. Qb5+ Ke7 44. a4 f5 45. gxf5 Kf6 46. Qc6+ Kxf5 47. Qe6+ Kg5 48. Qg4+ Kf6 49. Qh4+ g5 50. Qxh6+ Kf5 51. Qe6+ Kf4 52. Qg4+ Ke3 53. Qe4+ Kd2 54. Qxe5 g4 55. Qd4+ Kc1 56. fxg4 Qe7 57. d6 Qe2+ 58. Kg3 Qe1+ 59. Kf4 Qh4 1-0

[Event "Rheinland Pfalz op Seniors 16th"]
[Site "Neustadt an der Weinstrasse"]
[Date "2018.07.11"]
[Round "5"]
[White "Lachat, Martin"]
[Black "Hiller, Joachim"]
[Result "0-1"]
[WhiteElo "1647"]
[BlackElo "1938"]
[PlyCount "47"]
[EventDate "2018.07.07"]
[EventType "swiss"]
[EventRounds "9"]
[EventCountry "GER"]
[SourceTitle "EXT 2019"]
[Source "ChessBase"]
[SourceDate "2018.10.10"]
[SourceVersion "1"]
[SourceVersionDate "2018.10.10"]
[SourceQuality "1"]

1. c4 Nf6 2. d4 e6 3. Nc3 d5 4. cxd5 exd5 5. g3 c6 6. Nf3 Bd6 7. Bg2 0-0 8. 0-0 Re8 9. Bg5 h6 10. Bxf6 Qxf6 11. Re1 Bf5 12. Qd3 Nd7 13. Rac1 Nb6 14. b3 a5 15. a4 Bb4 16. Qd1 Ba3 17. Ne5 Bxc1 18. Qxc1 Nd7 19. f4 Nxe5 20. fxe5 Qe7 21. e4 dxe4 22. Bxe4 Be6 23. Bc2 Qb4 24. Ne4 0-1

[Event "Pfalz-ch Seniors 87th"]
[Site "Landau"]
[Date "2018.03.31"]
[Round "7"]
[White "Ortinau, Helmut"]
[Black "Hiller, Joachim"]
[Result "1/2-1/2"]
[WhiteElo "2048"]
[BlackElo "1839"]
[PlyCount "57"]
[EventDate "2018.03.23"]
[EventType "swiss"]
[EventRounds "7"]
[EventCountry "GER"]
[SourceTitle "EXT 2019"]
[Source "ChessBase"]
[SourceDate "2018.10.10"]
[SourceVersion "1"]
[SourceVersionDate "2018.10.10"]
[SourceQuality "1"]

1. Nf3 Nf6 2. b3 c5 3. Bb2 g6 4. c4 Bg7 5. g3 0-0 6. Bg2 Nc6 7. 0-0 d6 8. Nc3 a6 9. d4 cxd4 10. Nxd4 Qc7 11. Rc1 Nxd4 12. Qxd4 e5 13. Qd2 Rb8 14. Rfd1 Rd8 15. Ba3 Bf8 16. c5 Qa5 17. Ne4 Qxa3 18. Nxf6+ Kg7 19. Nh5+ Kh8 20. Nf6 Be6 21. cxd6 Rxd6 22. Qe3 Rxd1+ 23. Rxd1 Qc5 24. Qxc5 Bxc5 25. Ne4 Be7 26. h4 h6 27. Rc1 Rc8 28. Rxc8+ Bxc8 29. Nc3 1/2-1/2

[Event "Pfalz-ch Seniors 87th"]
[Site "Landau"]
[Date "2018.03.29"]
[Round "5"]
[White "Link, Alwin"]
[Black "Hiller, Joachim"]
[Result "0-1"]
[WhiteElo "1471"]
[BlackElo "1839"]
[PlyCount "132"]
[EventDate "2018.03.23"]
[EventType "swiss"]
[EventRounds "7"]
[EventCountry "GER"]
[SourceTitle "EXT 2019"]
[Source "ChessBase"]
[SourceDate "2018.10.10"]
[SourceVersion "1"]
[SourceVersionDate "2018.10.10"]
[SourceQuality "1"]

1. e4 e5 2. Nf3 Nc6 3. d4 exd4 4. Nxd4 Nf6 5. Nc3 Bb4 6. Nxc6 bxc6 7. Bd3 d5 8. Bd2 0-0 9. 0-0 Bxc3 10. Bxc3 Nxe4 11. Bxe4 dxe4 12. Qe2 Qe8 13. Rfe1 Bf5 14. Qe3 Qe6 15. Qg3 Qg6 16. Qxc7 Rfc8 17. Qf4 Rd8 18. Rad1 Rd5 19. Rd4 h6 20. Ra4 Rad8 21. Qe3 Rd1 22. Rd4 Rxe1+ 23. Qxe1 Rxd4 24. Bxd4 a6 25. Qe2 Bc8 26. a3 f5 27. Be3 Qd6 28. h4 Kf7 29. g3 Kf6 30. Qe1 Kg6 31. Kg2 Qd5 32. Kg1 Qc4 33. Qd1 Be6 34. Qd2 Qd5 35. Qe2 Qb5 36. Qxb5 axb5 37. Kf1 Kh5 38. Kg2 Kg4 39. Bf4 g5 40. hxg5 hxg5 41. Be5 Bd5 42. Kf1 Bc4+ 43. Ke1 Kf3 44. Bd6 Ba2 45. Be7 f4 46. gxf4 gxf4 47. b3 Bb1 48. c3 Kg4 49. a4 bxa4 50. bxa4 Bd3 51. Bf6 Kf5 52. Bh8 Ke6 53. Bd4 Kd5 54. Bh8 Kc4 55. Bg7 Bc2 56. Bh8 Bxa4 57. Bg7 Kd5 58. Bh8 Ke6 59. Bg7 Kf5 60. Bh8 Kg4 61. Bd4 Bb5 62. Bh8 c5 63. Bg7 Kf3 64. Bh8 Kg2 65. Bg7 e3 66. fxe3 f3 0-1

[Event "Rheinland Pfalz op Seniors 15th"]
[Site "Neustadt an der Weinstrasse"]
[Date "2017.07.19"]
[Round "5"]
[White "Haag, Guenter"]
[Black "Hiller, Joachim"]
[Result "1/2-1/2"]
[WhiteElo "1959"]
[BlackElo "1964"]
[PlyCount "120"]
[EventDate "2017.07.15"]
[EventType "swiss"]
[EventRounds "9"]
[EventCountry "GER"]
[SourceTitle "EXT 2018"]
[Source "ChessBase"]
[SourceDate "2017.10.13"]
[SourceVersion "1"]
[SourceVersionDate "2017.10.13"]
[SourceQuality "1"]

1. e4 e5 2. Nf3 Nc6 3. Bc4 Nf6 4. Ng5 d5 5. exd5 Na5 6. Bb5+ c6 7. dxc6 bxc6 8. Bd3 Be7 9. Ne4 0-0 10. Nxf6+ Bxf6 11. Nc3 c5 12. Be4 Bb7 13. d3 Bxe4 14. dxe4 Qxd1+ 15. Nxd1 Rfd8 16. Ne3 Nc6 17. c3 Rab8 18. Ke2 Bg5 19. Nc4 Bxc1 20. Raxc1 f6 21. Rhd1 Kf7 22. Rxd8 Rxd8 23. Rd1 Rxd1 24. Kxd1 Ke6 25. Ke2 g6 26. f3 f5 27. Ne3 f4 28. Nc4 g5 29. Kd3 h5 30. b3 g4 31. fxg4 hxg4 32. Nd2 Kd6 33. Ke2 Ke6 34. Kf2 Kf6 35. Nc4 Ke6 36. Nb2 Kd6 37. g3 Ke6 38. gxf4 exf4 39. Nd3 f3 40. Kg3 Ne5 41. Nf2 Kf6 42. b4 c4 43. h3 gxh3 44. Nxh3 Nd3 45. Kxf3 Ke5 46. Nf2 Ne1+ 47. Ke3 Ng2+ 48. Kd2 Kf4 49. Ke2 Nh4 50. a4 Nf3 51. a5 Ne5 52. b5 Nd7 53. Nd1 Kxe4 54. Ne3 Nc5 55. Nxc4 Kd5 56. Ne3+ Kd6 57. a6 Na4 58. c4 Kc5 59. Kd3 Nb6 60. Kc3 Na4+ 1/2-1/2

[Event "Rheinland Pfalz op Seniors 15th"]
[Site "Neustadt an der Weinstrasse"]
[Date "2017.07.15"]
[Round "1"]
[White "Scheffler, Juergen"]
[Black "Hiller, Joachim"]
[Result "0-1"]
[WhiteElo "1518"]
[BlackElo "1964"]
[PlyCount "74"]
[EventDate "2017.07.15"]
[EventType "swiss"]
[EventRounds "9"]
[EventCountry "GER"]
[SourceTitle "EXT 2018"]
[Source "ChessBase"]
[SourceDate "2017.10.13"]
[SourceVersion "1"]
[SourceVersionDate "2017.10.13"]
[SourceQuality "1"]

1. d4 Nf6 2. Nc3 d5 3. Nf3 c5 4. Bg5 Nc6 5. e3 Bg4 6. Be2 e6 7. 0-0 Be7 8. Bf4 0-0 9. h3 Bh5 10. Ne5 Bxe2 11. Nxe2 Qb6 12. Rb1 Rac8 13. b3 cxd4 14. exd4 Nb4 15. c4 Rfd8 16. c5 Qa6 17. Ra1 b6 18. a3 Nc6 19. b4 Nxe5 20. Bxe5 Nd7 21. Bh2 Bf6 22. f4 g6 23. Ra2 bxc5 24. bxc5 Rb8 25. Nc3 Qc4 26. Rc2 Bxd4+ 27. Kh1 Bxc3 28. Rf3 d4 29. f5 e5 30. fxg6 hxg6 31. Rf1 Qxc5 32. Rcf2 f5 33. h4 Nf6 34. Re2 Ng4 35. Bg1 Qe7 36. g3 Ne3 37. Bxe3 dxe3 0-1

[Event "Pfalz-ch Seniors 86th"]
[Site "Wolfstein"]
[Date "2017.04.14"]
[Round "6"]
[White "Villing, Dieter"]
[Black "Hiller, Joachim"]
[Result "1/2-1/2"]
[WhiteElo "2082"]
[BlackElo "2023"]
[PlyCount "47"]
[EventDate "2017.04.07"]
[EventType "swiss"]
[EventRounds "7"]
[EventCountry "GER"]
[SourceTitle "EXT 2018"]
[Source "ChessBase"]
[SourceDate "2017.10.13"]
[SourceVersion "1"]
[SourceVersionDate "2017.10.13"]
[SourceQuality "1"]

1. e4 e5 2. Bc4 Nf6 3. d4 exd4 4. Nf3 Nc6 5. e5 d5 6. exf6 dxc4 7. fxg7 Bxg7 8. Bg5 Qd6 9. Qe2+ Be6 10. Nbd2 0-0 11. 0-0 d3 12. Qe4 Bd5 13. Qh4 Ne5 14. Nxe5 Qxe5 15. cxd3 cxd3 16. Rae1 Qf5 17. Re3 Rfe8 18. Rg3 Re6 19. Bh6 Rg6 20. Re1 Bf6 21. Qa4 Bc6 22. Qb3 Rxg3 23. hxg3 Rd8 24. Be3 1/2-1/2

[Event "GER-chA Seniors 28th"]
[Site "Niederhausen"]
[Date "2016.08.20"]
[Round "8"]
[White "Hiller, Joachim"]
[Black "Juergens, Peter1111"]
[Result "1-0"]
[WhiteElo "2041"]
[BlackElo "1931"]
[PlyCount "99"]
[EventDate "2016.08.13"]
[EventType "swiss"]
[EventRounds "9"]
[EventCountry "GER"]
[SourceTitle "EXT 2019"]
[Source "ChessBase"]
[SourceDate "2018.10.10"]
[SourceVersion "1"]
[SourceVersionDate "2018.10.10"]
[SourceQuality "1"]

1. e4 e6 2. d4 d5 3. Nd2 c5 4. Ngf3 a6 5. Be2 Nc6 6. c3 cxd4 7. cxd4 dxe4 8. Nxe4 Nf6 9. Nxf6+ Qxf6 10. 0-0 Qd8 11. Bg5 Be7 12. Bxe7 Qxe7 13. Re1 0-0 14. Qb3 Rd8 15. Rad1 Qb4 16. Qc3 Bd7 17. a3 Qd6 18. Ne5 Rac8 19. Qe3 Be8 20. Nc4 Qc7 21. Qe4 b5 22. Ne5 Nxe5 23. dxe5 Bc6 24. Qe3 Bd5 25. Rc1 Qb7 26. f3 h6 27. Bd3 Rd7 28. Rxc8+ Qxc8 29. Rc1 Rc7 30. Rxc7 Qxc7 31. Bb1 Kf8 32. Kf2 h5 33. Kg3 g6 34. Qf4 Ke8 35. Qg5 Kd7 36. Qe3 Kc8 37. Kh4 Qe7+ 38. Qg5 Kd8 39. Qxe7+ Kxe7 40. Kg5 Bc6 41. b4 Bd5 42. Bc2 Bc6 43. Kf4 f5 44. h4 Kf7 45. Bd1 Kg7 46. Kg5 Bd5 47. g4 hxg4 48. fxg4 Be4 49. gxf5 Bxf5 50. Bf3 1-0

[Event "GER-chA Seniors 28th"]
[Site "Niederhausen"]
[Date "2016.08.16"]
[Round "4"]
[White "Hiller, Joachim"]
[Black "Krueger, Erich"]
[Result "0-1"]
[WhiteElo "2041"]
[BlackElo "2228"]
[PlyCount "78"]
[EventDate "2016.08.13"]
[EventType "swiss"]
[EventRounds "9"]
[EventCountry "GER"]
[SourceTitle "EXT 2019"]
[Source "ChessBase"]
[SourceDate "2018.10.10"]
[SourceVersion "1"]
[SourceVersionDate "2018.10.10"]
[SourceQuality "1"]

1. d4 Nf6 2. c4 g6 3. Nc3 Bg7 4. e4 d6 5. Nf3 0-0 6. h3 e5 7. Be3 Na6 8. d5 Nc5 9. Qc2 a5 10. b3 c6 11. dxc6 bxc6 12. Rd1 Qe7 13. g3 Ne6 14. Bg2 Ne8 15. 0-0 f5 16. Ne2 fxe4 17. Qxe4 d5 18. cxd5 cxd5 19. Qb1 Ba6 20. Rfe1 Rd8 21. Bb6 Rd7 22. Bxa5 e4 23. Ned4 Nxd4 24. Nxd4 Bxd4 25. Rxd4 Qc5 26. Ra4 Bb5 27. Bb4 Qxf2+ 28. Kh2 Rf3 29. Ra8 Qxg3+ 30. Kh1 Rdf7 31. a4 Rf2 32. Rg1 R7f3 33. Bd6 Qxh3+ 34. Bh2 Rxg2 35. Rxe8+ Bxe8 36. Rxg2 Rxb3 37. Qe1 Bxa4 38. Qd1 Qd3 39. Bg1 Qxd1 0-1

[Event "Rheinland Pfalz op Seniors 14th"]
[Site "Neustadt an der Weinstrasse"]
[Date "2016.07.19"]
[Round "4"]
[White "Krieger, Hermann"]
[Black "Hiller, Joachim"]
[Result "1/2-1/2"]
[WhiteElo "2165"]
[BlackElo "1990"]
[PlyCount "41"]
[EventDate "2016.07.16"]
[EventType "swiss"]
[EventRounds "9"]
[EventCountry "GER"]
[SourceTitle "EXT 2019"]
[Source "ChessBase"]
[SourceDate "2018.10.10"]
[SourceVersion "1"]
[SourceVersionDate "2018.10.10"]
[SourceQuality "1"]

1. e4 e5 2. Nf3 Nc6 3. Bc4 Bc5 4. c3 Nf6 5. d3 d6 6. 0-0 0-0 7. h3 Bb6 8. Bb3 Be6 9. Re1 Bxb3 10. axb3 Qd7 11. Nbd2 a6 12. Nf1 Nh5 13. d4 Rad8 14. dxe5 Nxe5 15. Nd4 g6 16. Bh6 Ng7 17. Ng3 f6 18. Be3 Nc6 19. Nc2 Bxe3 20. Nxe3 Kh8 21. f4 1/2-1/2

[Event "Rheinland Pfalz op Seniors 13th"]
[Site "Neustadt an der Weinstrasse"]
[Date "2015.07.15"]
[Round "6"]
[White "Boehler, Karl Heinz"]
[Black "Hiller, Joachim"]
[Result "1/2-1/2"]
[WhiteElo "2006"]
[BlackElo "2002"]
[PlyCount "124"]
[EventDate "2015.07.10"]
[EventType "swiss"]
[EventRounds "7"]
[EventCountry "GER"]
[SourceTitle "EXT 2019"]
[Source "ChessBase"]
[SourceDate "2018.10.10"]
[SourceVersion "1"]
[SourceVersionDate "2018.10.10"]
[SourceQuality "1"]

1. d4 Nf6 2. c4 c5 3. e3 b6 4. Nc3 Bb7 5. d5 e6 6. e4 exd5 7. exd5 d6 8. Nf3 Be7 9. Bd3 0-0 10. Qc2 Nbd7 11. 0-0 Ne5 12. Nxe5 dxe5 13. f3 a6 14. a4 h6 15. Bd2 Bd6 16. Rae1 Qc7 17. g4 e4 18. Nxe4 Bxh2+ 19. Kh1 Nxe4 20. Bxe4 Bg3 21. Re2 Rae8 22. Qd3 Bd6 23. Kg2 Bc8 24. Rfe1 Bd7 25. b3 Bh2 26. Kh1 Bg3 27. Rg1 Be5 28. g5 hxg5 29. Rxg5 Bf4 30. Bxf4 Qxf4 31. Reg2 Qh4+ 32. Kg1 Qe1+ 33. Qf1 Qxf1+ 34. Kxf1 g6 35. Bxg6 fxg6 36. Rxg6+ Kh7 37. Rg7+ Kh6 38. Rxd7 Rxf3+ 39. Rf2 Rxb3 40. Rd6+ Kg5 41. Re2 Rxe2 42. Kxe2 Kf5 43. Re6 Rb4 44. Kd3 Rxa4 45. Rxb6 Ke5 46. Re6+ Kf5 47. Kc3 Ra3+ 48. Kb2 Ra4 49. Kb3 Rb4+ 50. Kc3 Ra4 51. Re1 a5 52. d6 Ra3+ 53. Kc2 Ra2+ 54. Kb3 Rd2 55. Ka4 Rxd6 56. Kxa5 Rc6 57. Re8 Re6 58. Rd8 Re5 59. Kb5 Ke4 60. Rd1 Rf5 61. Kc6 Rg5 62. Kb5 Rf5 1/2-1/2

[Event "Rheinland Pfalz op Seniors 13th"]
[Site "Neustadt an der Weinstrasse"]
[Date "2015.07.13"]
[Round "4"]
[White "Diehl, Klaus"]
[Black "Hiller, Joachim"]
[Result "0-1"]
[WhiteElo "2039"]
[BlackElo "2002"]
[PlyCount "78"]
[EventDate "2015.07.10"]
[EventType "swiss"]
[EventRounds "7"]
[EventCountry "GER"]
[SourceTitle "EXT 2019"]
[Source "ChessBase"]
[SourceDate "2018.10.10"]
[SourceVersion "1"]
[SourceVersionDate "2018.10.10"]
[SourceQuality "1"]

1. e4 e5 2. Nf3 Nc6 3. Bb5 a6 4. Ba4 Nf6 5. d3 b5 6. Bb3 Bc5 7. 0-0 d6 8. c3 Bg4 9. Bg5 Na5 10. Bc2 Bb6 11. b4 Nc6 12. Bb3 Ne7 13. Nbd2 h6 14. Be3 Ng6 15. Qe1 0-0 16. a4 Qd7 17. Bxb6 cxb6 18. axb5 axb5 19. Qe3 Qc6 20. d4 Rfc8 21. Rxa8 Rxa8 22. h3 Bxf3 23. Nxf3 Ra3 24. Nd2 Nf4 25. Rd1 Qxc3 26. dxe5 dxe5 27. Re1 Qxb4 28. Rc1 Nd7 29. g3 Nxh3+ 30. Kg2 Ng5 31. Rc3 Ne6 32. Nb1 Ra1 33. Rc8+ Kh7 34. Bxe6 fxe6 35. Nd2 Nc5 36. Qf3 Qxd2 37. Qf7 Qd7 38. Qg8+ Kg6 39. f4 Qd2+ 0-1

[Event "Rheinland Pfalz op Seniors 13th"]
[Site "Neustadt an der Weinstrasse"]
[Date "2015.07.12"]
[Round "3"]
[White "Hiller, Joachim"]
[Black "Kripp, Wolfgang"]
[Result "1/2-1/2"]
[WhiteElo "2002"]
[BlackElo "2094"]
[PlyCount "32"]
[EventDate "2015.07.10"]
[EventType "swiss"]
[EventRounds "7"]
[EventCountry "GER"]
[SourceTitle "EXT 2019"]
[Source "ChessBase"]
[SourceDate "2018.10.10"]
[SourceVersion "1"]
[SourceVersionDate "2018.10.10"]
[SourceQuality "1"]

1. e4 Nf6 2. e5 Nd5 3. d4 d6 4. c4 Nb6 5. f4 dxe5 6. fxe5 Nc6 7. Be3 Bf5 8. Nf3 Nb4 9. Na3 e6 10. Be2 Be7 11. 0-0 0-0 12. Qb3 a5 13. Ne1 Bg5 14. Nb5 Bxe3+ 15. Qxe3 a4 16. a3 Nc2 1/2-1/2

[Event "Rheinland Pfalz op Seniors 11th"]
[Site "Neustadt an der Weinstrasse"]
[Date "2013.07.16"]
[Round "5"]
[White "Hiller, Joachim"]
[Black "Bohne, Lutz"]
[Result "0-1"]
[WhiteElo "1815"]
[BlackElo "1878"]
[PlyCount "96"]
[EventDate "2013.07.12"]
[EventType "swiss"]
[EventRounds "7"]
[EventCountry "GER"]
[SourceTitle "EXT 2019"]
[Source "ChessBase"]
[SourceDate "2018.10.10"]
[SourceVersion "1"]
[SourceVersionDate "2018.10.10"]
[SourceQuality "1"]

1. d4 d5 2. Nf3 Nf6 3. c4 e6 4. Nc3 Be7 5. Bf4 0-0 6. Rc1 c6 7. h3 dxc4 8. a4 a6 9. e3 b5 10. Be2 Bb7 11. 0-0 Nbd7 12. b3 b4 13. Na2 c3 14. Qc2 Qb6 15. Rcd1 c5 16. Rfe1 Rac8 17. Nc1 Be4 18. Bd3 Qb7 19. Bxe4 Qxe4 20. Qxe4 Nxe4 21. d5 exd5 22. Rxd5 Ndf6 23. Rd3 c4 24. bxc4 Nc5 25. Rdd1 b3 26. Nd4 b2 27. Na2 Nxa4 28. Nc2 Rxc4 29. f3 h6 30. Bd6 Bxd6 31. Rxd6 Rb8 32. Rb1 Nc5 33. Kf2 Nb3 34. Ke2 Nd2 35. Rxd2 cxd2 36. Kxd2 a5 37. Kd3 Rc5 38. e4 Nh5 39. Ne3 Nf4+ 40. Kd4 Ne6+ 41. Kd3 Rb3+ 42. Kd2 Nf4 43. Nf5 Rd3+ 44. Ke1 Rc2 45. g3 Re2+ 46. Kf1 Rxf3+ 47. Kg1 Nxh3+ 48. Kh1 Rff2 0-1